00761nam a2200253 a 4500001001300000003000900013005001700022008004100039020002300080082001400103100002100117245005400138260004400192300000900236500003500245505001000280650002100290650002800311700002100339902000800360942000700368952011500375999001700490nice12345678IN_TiNIC20260116013811.0050524s1995 dela grp 000 0 eng  a817100X c60000a181bGRO1 aGrover, Verinder aVinoba Bhaveb Political Thinkers of Modern India aDelhibDeep and Deep Publicationsc1995 a715p aincludes index and biblioraphy2 aIndex aPhilosophy-Hindu aVinoba Bhave-Philosophy1 aGrover, Verinder bSRS cBK 001040708StackRoom-aHMIbHMId2007-07-31g600.00l0o181 GRO1p015942r2007-07-31v600.00w2005-05-24yBK c12569d12569